[Event "Chennai op 11th"]
[Site "Chennai"]
[Date "2019.01.18"]
[Round "1"]
[White "Sathyanarayanan, S."]
[Black "Akash, G."]
[Result "0-1"]
[WhiteElo "1571"]
[BlackElo "2453"]
[PlyCount "94"]
[EventDate "2019.01.18"]
[EventType "swiss"]
[EventRounds "10"]
[EventCountry "IND"]
[SourceTitle "CBM 188 Extra"]
[Source "ChessBase"]
[SourceDate "2019.02.28"]
[SourceVersion "1"]
[SourceVersionDate "2019.02.28"]
[SourceQuality "1"]

1. d4 Nf6 2. g3 e6 3. Bg2 c5 4. e3 Nc6 5. Nf3 d5 6. 0-0 Be7 7. b3 0-0 8. Bb2 b5 9. dxc5 Bxc5 10. Nd4 Nxd4 11. exd4 Bd6 12. Nd2 Rb8 13. a4 b4 14. Qe2 Rb6 15. Rfc1 Ba6 16. Qf3 Qb8 17. Bf1 Bxf1 18. Nxf1 Ne4 19. Qd3 Rc8 20. f3 Nf6 21. Re1 Rbc6 22. Re2 Bf8 23. Kg2 g6 24. Bc1 Rc3 25. Qd1 Ne8 26. Bf4 Qb6 27. Rc1 Bg7 28. Rd2 Nd6 29. g4 Nb7 30. Rd3 Rxd3 31. cxd3 Re8 32. Be5 Bxe5 33. dxe5 Qd4 34. Qe2 Nc5 35. Qe3 Nxb3 36. Rc7 Qxe3 37. Nxe3 Nd4 38. Rxa7 Rb8 39. Nd1 b3 40. a5 b2 41. Nc3 b1Q 42. Nxb1 Rxb1 43. a6 Ra1 44. Ra8+ Kg7 45. g5 Nc6 46. f4 Nb4 47. a7 Nc6 0-1